000 00580nam a2200193 i 4500
001 41694
003 ES-MaACL
005 20230906160457.0
007 t|
008 030311s1946 sp ||||1| spa d
100 1 _aCasson, Herbert N.
_936374
245 1 0 _aActividad y rendimientos 100 x 100 /
_cHerbert N. Casson.
260 _aBarcelona :
_bArs,
_c1946 (
_fElectra)
300 _a79 p. ;
_c19 cm.
490 1 _aTemas de eficiencia comercial ;
_v1
830 0 _aTemas de eficiencia comercial ;
_v1
_9229800
852 _aES-MaACL
_jF-8470
_bR.23064
999 _c41694
_d41694